| 000 | 00478nam a2200169 i 4500 | ||
|---|---|---|---|
| 001 | 81874 | ||
| 003 | ES-MaACL | ||
| 007 | t| | ||
| 008 | 041108s1984 sp ||||1| spa d | ||
| 100 |
_aIglesias Benítez, José, _9236908 _d1955-2020 |
||
| 245 | 1 | 0 |
_aCuando el amor me llama / _cJosé Iglesias Benítez. |
| 260 |
_aMadrid : _b[s.n.., _c1984] |
||
| 300 |
_a70 p. ; _c20 cm. |
||
| 852 |
_aES-MaACL _jL-7345 _bR.107895 |
||
| 942 | _2udc | ||
| 999 |
_c81874 _d81874 |
||